000 00610nam a2200193Ia 4500
005 20250326143133.0
008 250326s9999 xx 000 0 und d
020 _a81-7188-352-4
037 _aTextbook
040 _aFMSL
_beng
_cFMSL
041 _aeng
_2eng
084 _aX.1 P4
_qFMSL
100 _aRahman Rita Dulci
245 0 _aResponsible global goverce:A programme for world stability and institutional reform
_cRahman Rita Dulci; Andreu Jose Miguel
260 _aNew Delhi
_bNew Delhi, Academic Foundation
_c2004
300 _a180p
942 _cTB
_hX.1 P4
999 _c1298264
_d1298264